Normal view
MARC view
Entry Personal Name
001 - CONTROL NUMBER
- control field: 562397
003 - CONTROL NUMBER IDENTIFIER
- control field: OSt
005 - DATE AND TIME OF LATEST TRANSACTION
- control field: 20220930193526.0
008 - FIXED-LENGTH DATA ELEMENTS
- fixed length control field: 220930|| aca||aabn | a|a d
040 ## - CATALOGING SOURCE
- Original cataloging agency: OSt
- Transcribing agency: OSt
100 ## - HEADING--PERSONAL NAME
- Personal name: Parameshwaran T. S
670 ## - SOURCE DATA FOUND
- Source citation: Work cat.: (OSt)896578: Parameshwaran T. S., Women in employments (A study of sales-girls, conducted in the central cottage industries emporium, Janpath, New Delhi, 1969
